000
00310nam a2200109Ia 4500
008
220204s9999 xx 000 0 und d
082
_a
929 A/Z (HAG)
_b
ELL
100
_a
Peter Berresford
245
0
_a
H Ridder Haggard: A voice from the infinite
260
_a
London
_b
Routledge and Kegan paul
_c
1978
942
_c
BK
999
_c
33266
_d
33266